Loading...

Farm size, resource- use efficiency and income distribution

Bibliografiske detaljer
Hovedforfatter: Saini, G R
Format: Printed Book
Sprog:Undetermined
English
Udgivet: Calcutta Allied publishers Pvt Ltd 1979
Fag:
LEADER 00628nam a2200181Ia 4500
008 140306s9999 xx 000 0 und d
041 |a eng 
082 |a 338 .1  |b SAI/FA 
100 |a Saini, G R 
245 |a Farm size, resource- use efficiency and income distribution 
260 |a Calcutta  |b Allied publishers Pvt Ltd  |c 1979 
300 |a 218 
365 |b Rs .60 
650 |a Agricultural economics 
650 |a agricultural labourers 
942 |2 ddc  |c BK 
999 |c 108226  |d 108226 
952 |0 0  |1 0  |2 ddc  |4 0  |6 338__100000000000000_SAIFA  |7 0  |9 105551  |a KAUHCV  |b KAUHCV  |d 2004-03-20  |g 60.00  |o 338 .1 SAI/FA  |p KAU_HCV-14937  |r 2014-03-22  |w 2014-03-22  |y BK